Komentár k novému Zákonníku práce

Komentár k novému Zákonníku práce. Tento zákon upravuje individuálne pracovnoprávne vzťahy v súvislosti so zamestnávaním fyzických osôb právnickými osobami alebo fyzickými osobami a kolektívne pracovnoprávne vzťahy.

Salvato in:
Dettagli Bibliografici
Autore principale: Rybárová, Mária
Altri autori: Vojnárová, Anna, Mačuha, Miroslav
Natura: Capitolo di libro
Lingua:slovacco
Soggetti:
Tags: Aggiungi Tag
Nessun Tag, puoi essere il primo ad aggiungerne!!

MARC

LEADER 00000naa a2200000 4500
001 r044316
005 20230927070000.6
041 0 |a slo 
044 |a SK 
245 1 0 |a Komentár k novému Zákonníku práce  |c Mária Rybárová, Anna Vojnarová, Miroslav Mačuha 
520 |a Komentár k novému Zákonníku práce. Tento zákon upravuje individuálne pracovnoprávne vzťahy v súvislosti so zamestnávaním fyzických osôb právnickými osobami alebo fyzickými osobami a kolektívne pracovnoprávne vzťahy. 
610 2 0 |a zákonník práce 
610 2 0 |a zákony 
610 2 0 |a Slovensko 
610 2 0 |a komentáre 
610 2 0 |a vzťahy pracovnoprávne 
610 2 0 |a apríl 
610 2 0 |a 2002 
100 1 |a Rybárová, Mária 
700 1 |a Vojnárová, Anna 
700 1 |a Mačuha, Miroslav